[Event "Moscow4"]
[Site "Moscow"]
[Date "1990.??.??"]
[Round "?"]
[White "Gavrilov, Alexei"]
[Black "Dragojlovic, Andjelko"]
[Result "1/2-1/2"]
[WhiteElo "2365"]
[BlackElo "2390"]

1.d4 Nf6 2.c4 g6 3.Nc3 d5 4.cxd5 Nxd5 5.e4 Nxc3 6.bxc3 Bg7 7.Qa4+ Nd7 8.Nf3 c5
9.Bg5 Qc7 10.Rc1 O-O 11.Bd3 e5 12.O-O a6 13.Qa3 c4 14.Bb1 b5 15.Qe7 f6 16.Be3 Rf7
17.Qb4 Nb6 18.dxe5 Na4 19.Qd6 fxe5 20.Qxc7 Rxc7 21.h3 a5 22.Rfd1 Rd7 23.Rxd7 Bxd7
24.Kf1 Rc8 25.Bd2 Bc6 26.Bc2 Nc5 27.Re1 h6 28.Re3 Rb8 29.Be1 Be8 30.Nd2 Bf7
31.a3 Bf8 32.Nb1 Nd3 33.Re2 Nxe1 34.Rxe1 Rd8 35.Ke2 Kg7 36.Rd1 Rxd1 37.Bxd1 Bc5
38.Bc2 Kf6 39.g3 Be6 40.h4 g5 41.hxg5+ hxg5 42.f3 Ke7 43.g4 Kd6 44.Kd2 Kc6
45.Bd1 Bg1 46.Be2 Kc5 47.Bd1 Bd7 48.Be2 Bh2 49.Kc2 Bf4 50.Bd1 Be3 51.Be2 b4
52.axb4+ axb4 53.cxb4+ Kxb4 54.Nc3 Kc5 55.Bf1 Bf4 56.Nd5 Ba4+ 57.Kc3 Bd1
58.Nxf4  1/2-1/2

[Event "Moscow op"]
[Site "Moscow"]
[Date "1990.??.??"]
[Round "?"]
[White "Anikaev, Yuri N"]
[Black "Lukin, Andrei M"]
[Result "1/2-1/2"]
[WhiteElo "2445"]
[BlackElo "2470"]

1.d4 Nf6 2.c4 g6 3.Nc3 d5 4.cxd5 Nxd5 5.e4 Nxc3 6.bxc3 Bg7 7.Bc4 c5 8.Ne2 Nc6
9.Be3 cxd4 10.cxd4 b5 11.Bd5 Bd7 12.Rc1 Rc8 13.Bxc6 Rxc6 14.Rxc6 Bxc6 15.d5 Bd7
16.Qd2 O-O 17.O-O a5 18.a3 f5 19.Ng3 b4 20.axb4 axb4 21.Bd4 Bxd4 22.Qxd4 f4
23.Ne2 Bb5 24.Re1 Bxe2 25.Rxe2 Qa5 26.h3 Qb5 27.Rb2 b3 28.e5 f3 29.Qd1 Rd8
30.Qxf3 Qxd5 31.Qxb3 Qxb3 32.Rxb3 Rd4 33.g3 Re4 34.f4 Re2 35.Rf3 h6 36.Rf2 Re3
37.Kg2 Kf7 38.Rb2 g5 39.Rb6 gxf4 40.gxf4 e6 41.Rb8 Ra3 42.h4 Kg6 43.Rf8 Kh5
44.Rf6 Kg4 45.Rxh6 Kxf4 46.Rxe6 Ra2+ 47.Kf1 Ra1+ 48.Ke2 Ra5 49.Rf6+ Kxe5
50.Rb6  1/2-1/2

[Event "Muenster op"]
[Site "Muenster"]
[Date "1990.??.??"]
[Round "4"]
[White "Dautov, Rustem"]
[Black "Luecke, Norbert"]
[Result "1-0"]
[WhiteElo "2560"]
[BlackElo "2350"]

1.d4 Nf6 2.c4 g6 3.Nc3 d5 4.cxd5 Nxd5 5.e4 Nxc3 6.bxc3 Bg7 7.Bb5+ c6 8.Ba4 O-O
9.Ne2 b5 10.Bb3 a5 11.O-O Na6 12.Be3 Bb7 13.Rb1 Qd7 14.f4 e6 15.f5 exf5 16.exf5 a4
17.Bc2 Rfe8 18.Qd2 c5 19.Rf2 cxd4 20.Bxd4 b4 21.Qf4 Bxd4 22.Nxd4 Nc7 23.f6 Nd5
24.Qh6 Nxf6 25.Rxf6 bxc3 26.Rd1 Be4 27.Rff1 Rad8 28.Bxe4 Qa7 29.Qe3 Rd7 30.Rfe1 Red8
31.Nc2  1-0

[Event "Muenster op"]
[Site "Muenster"]
[Date "1990.??.??"]
[Round "7"]
[White "Naumkin, Igor"]
[Black "Luecke, Norbert"]
[Result "1/2-1/2"]
[WhiteElo "2455"]
[BlackElo "2350"]

1.d4 Nf6 2.c4 g6 3.Nc3 d5 4.cxd5 Nxd5 5.e4 Nxc3 6.bxc3 Bg7 7.Bc4 c5 8.Ne2 Nc6
9.Be3 Qa5 10.O-O O-O 11.h3 b5 12.Bd5 Qc7 13.dxc5 Bb7 14.Rb1 e6 15.Bb3 Ne5
16.Qc2 Nd7 17.Nd4 Nxc5 18.Nxb5 Qc6 19.Bxc5 Qxc5 20.Ba4 Rac8 21.Rfd1 Rfd8
22.Rxd8+ Rxd8 23.Nd4 Ba6 24.Rd1 Rc8 25.Bd7 Rc7 26.Qa4 Qc4 27.Rb1 Be5 28.g3 Qxa4
29.Bxa4 Rxc3 30.Nc6 Rc4 31.Nxe5 Rxa4 32.Nd7 Kg7 33.e5 Rxa2 34.Nf6 Ra5 35.f4 Ra3
36.g4 Rc3 37.Ra1 Rc6 38.g5 h5 39.h4 Rb6 40.Nd7 Rc6 41.Nb8 Rc4 42.Nxa6 Rxf4
43.Nc5 Rxh4 44.Rxa7 Rg4+ 45.Kf2 Kg8 46.Ra8+ Kg7 47.Ra7 Kg8 48.Ra8+  1/2-1/2

[Event "New York op"]
[Site "New York"]
[Date "1990.??.??"]
[Round "2"]
[White "Henley, Ron W"]
[Black "Rowley, Robert"]
[Result "1/2-1/2"]
[WhiteElo "2490"]
[BlackElo "2380"]

1.d4 Nf6 2.c4 g6 3.Nc3 d5 4.cxd5 Nxd5 5.e4 Nxc3 6.bxc3 Bg7 7.Bc4 c5 8.Ne2 cxd4
9.cxd4 Nc6 10.Be3 b5 11.Bd5 Bd7 12.Rc1 Rc8 13.O-O e6 14.Bxc6 Rxc6 15.Qd2 O-O
16.d5 Ra6 17.Bd4 Bxd4 18.Qxd4 Ra4 19.Qd3 exd5 20.Qxd5 Be6 21.Qxb5  1/2-1/2

[Event "New York op"]
[Site "New York"]
[Date "1990.??.??"]
[Round "5"]
[White "Wessman, Richard"]
[Black "Lputian, Smbat G"]
[Result "0-1"]
[WhiteElo "2505"]
[BlackElo "2545"]

1.d4 Nf6 2.c4 g6 3.Nc3 d5 4.cxd5 Nxd5 5.e4 Nxc3 6.bxc3 Bg7 7.Bc4 c5 8.Ne2 O-O
9.O-O Nc6 10.Be3 Bg4 11.f3 Na5 12.Bd3 cxd4 13.cxd4 Be6 14.Rc1 Bxa2 15.Qa4 Be6
16.d5 Bd7 17.Qb4 e6 18.Nc3 exd5 19.Nxd5 Be6 20.Rfd1 Bxd5 21.exd5 Re8 22.Bf2 Be5
23.Bb5 Bd6 24.Qa4 Rf8 25.Bh4 f6 26.Bd7 Kh8 27.Be6 b6 28.f4 Nb7 29.f5 Nc5
30.Qg4 g5 31.Bf2 a5 32.Rc3 a4 33.Rh3 Ra7 34.Bd4 Nb3 35.Bb2 b5 36.Rdd3 Nc5
37.Rdf3 b4 38.Qxg5 a3 39.Ba1 b3 40.Rxb3 Nxb3 41.Rxb3 Qe7 42.Qh4 a2 43.Qe1 Rb7
44.Qc3 Rxb3 45.Qxb3 Qa7+ 46.Kh1 Qc5 47.Qd1 Qb4  0-1

[Event "NLD-ch"]
[Site "?"]
[Date "1990.??.??"]
[Round "3"]
[White "Blees, Albert"]
[Black "De Boer, Gert Jan"]
[Result "1/2-1/2"]
[WhiteElo "2400"]
[BlackElo "2375"]

1.d4 Nf6 2.c4 g6 3.Nc3 d5 4.cxd5 Nxd5 5.e4 Nxc3 6.bxc3 Bg7 7.Bc4 O-O 8.Be3 c5
9.Ne2 Nc6 10.O-O Bg4 11.d5 Na5 12.Bb5 a6 13.Bd3 Rc8 14.h3 Bd7 15.Rc1 e5 16.f4 exf4
17.Nxf4 b5 18.Qf3 Qe7 19.Qf2 c4 20.Bb1 Nb7 21.Rfe1 Be5 22.Ne2 Nc5 23.Nd4 Na4
24.Bh6 Rfe8 25.Rf1 f6 26.Be3 Qd6 27.Kh1 a5 28.Qe2 Qa3 29.Bd2 b4 30.Nf3 Nxc3
31.Qf2 Bd6 32.Bxc3 bxc3 33.Qd4 Kg7 34.Rxc3 Qc5 35.Qd2  1/2-1/2

[Event "NLD-ch"]
[Site "?"]
[Date "1990.??.??"]
[Round "10"]
[White "Douven, Rudy C"]
[Black "De Boer, Gert Jan"]
[Result "1/2-1/2"]
[WhiteElo "2440"]
[BlackElo "2375"]

1.d4 Nf6 2.c4 g6 3.Nc3 d5 4.cxd5 Nxd5 5.e4 Nxc3 6.bxc3 Bg7 7.Bc4 O-O 8.Ne2 c5
9.O-O Nc6 10.Be3 Bg4 11.f3 Bd7 12.Rb1 Qc7 13.Bd3 a6 14.Qd2 b5 15.f4 cxd4
16.cxd4 e6 17.Rfc1 Qa5 18.Qxa5 Nxa5 19.Rc7 Rfd8 20.Rbc1 Rac8 21.Kf2 Nc6 22.Rxc8 Rxc8
23.g4 Kf8 24.g5 h6 25.h4 hxg5 26.hxg5 Nb4 27.Bb1 Ke8 28.Rxc8+  1/2-1/2

[Event "NOR-ch"]
[Site "NOR"]
[Date "1990.??.??"]
[Round "8"]
[White "Scholseth, Tor Kristian"]
[Black "Bjerke, Richard"]
[Result "1/2-1/2"]
[WhiteElo "2305"]
[BlackElo "2315"]

1.d4 Nf6 2.c4 g6 3.Nc3 d5 4.cxd5 Nxd5 5.e4 Nxc3 6.bxc3 Bg7 7.Nf3 c5 8.Be2 Nc6
9.d5 Bxc3+ 10.Bd2 Bxa1 11.Qxa1 Nd4 12.Nxd4 cxd4 13.Qxd4 O-O 14.O-O Qb6  1/2-1/2

[Event "Novi Sad ol (Men)"]
[Site "Novi Sad"]
[Date "1990.??.??"]
[Round "2"]
[White "Ferreira, Nelson"]
[Black "Gibson, F."]
[Result "1-0"]
[WhiteElo "2385"]
[BlackElo "2205"]

1.d4 Nf6 2.c4 g6 3.Nc3 d5 4.cxd5 Nxd5 5.e4 Nxc3 6.bxc3 Bg7 7.Bc4 c5 8.Ne2 Nc6
9.Be3 O-O 10.O-O cxd4 11.cxd4 Bg4 12.f3 Na5 13.Bd3 Be6 14.Qa4 a6 15.Nf4 b5
16.Qc2 Bc4 17.Ne2 Bxd3 18.Qxd3 Nc4 19.Bf2 e6 20.Rfb1 Nb6 21.Nc3 Qd6 22.a4 Nxa4
23.Nxa4 bxa4 24.Rxa4 Rfc8 25.g3 Rc6 26.Kg2 Qd7 27.Rb2 Rd6 28.Rab4 Rd8 29.Rd2 h5
30.Be3 Kh7 31.Qb3 Bh6 32.Rb7 Qe8 33.Bxh6 Kxh6 34.Qe3+ Kg7 35.Qg5 R6d7 36.Rb6 Qe7
37.Qxe7 Rxe7 38.Rxa6 Red7 39.Ra4 Rc8 40.Ra3 Rcd8 41.Rad3 Kf6 42.Kf2 Ke7 43.Ke3 f6
44.Ra3 Kf7 45.Rad3 Ke7 46.Ra2 Kf7 47.Ra4 Ke7 48.Rc3 Rd6 49.Rc7+ R8d7 50.Rxd7+ Rxd7
51.h4 Rb7 52.Ra5 Rb3+ 53.Kf4 Rd3 54.Ra7+ Kf8 55.Ra4 Ke7 56.e5 f5 57.Ra7+ Kd8
58.Ra6 Ke7 59.Ra7+ Kd8 60.Rg7 Rxd4+ 61.Kg5 Rd3 62.Kf4 Rd4+ 63.Ke3 Rd5 64.f4  1-0

[Event "Novi Sad ol (Men)"]
[Site "Novi Sad"]
[Date "1990.??.??"]
[Round "4"]
[White "Boensch, Uwe"]
[Black "Lhagvasuren, Cedendemberel"]
[Result "1/2-1/2"]
[WhiteElo "2510"]
[BlackElo "2385"]

1.d4 Nf6 2.c4 g6 3.Nc3 d5 4.cxd5 Nxd5 5.e4 Nxc3 6.bxc3 Bg7 7.Bc4 c5 8.Ne2 Nc6
9.Be3 O-O 10.O-O Bg4 11.f3 Na5 12.Bxf7+ Rxf7 13.fxg4 Rxf1+ 14.Kxf1 Qd6 15.e5 Qd5
16.Bf2 Rf8 17.Kg1 Qf7 18.Bh4 Nc4 19.h3 Ne3 20.Qb3 e6 21.c4 cxd4 22.Nxd4 Qf4
23.Nf3 Nxc4 24.Re1 Kh8 25.Bf6 Bxf6 26.exf6 Rxf6 27.g5 Nd2 28.Nxd2 Qxd2 29.Qg3 Rf5
30.Rxe6 Qxg5 31.Qc3+ Kg8 32.Re8+ Rf8 33.Qb3+ Kg7 34.Qxb7+ Rf7 35.Qb2+ Qf6  1/2-1/2

[Event "Novi Sad ol (Men)"]
[Site "Novi Sad"]
[Date "1990.??.??"]
[Round "4"]
[White "Marin, Mihail"]
[Black "Abdullah, M."]
[Result "1-0"]
[WhiteElo "2485"]
[BlackElo "2250"]

1.d4 Nf6 2.c4 g6 3.Nc3 d5 4.cxd5 Nxd5 5.e4 Nxc3 6.bxc3 Bg7 7.Bc4 O-O 8.Ne2 c5
9.Be3 Nc6 10.Rc1 cxd4 11.cxd4 Na5 12.Bd3 b6 13.Qd2 e6 14.h4 h5 15.g4 hxg4
16.h5 gxh5 17.Rxh5 f5 18.Bh6 Rf7 19.Bxg7 Rxg7  1-0

[Event "Novi Sad ol (Men)"]
[Site "Novi Sad"]
[Date "1990.??.??"]
[Round "5"]
[White "Lobron, Eric"]
[Black "Gulko, Boris F"]
[Result "1/2-1/2"]
[WhiteElo "2535"]
[BlackElo "2600"]

1.d4 Nf6 2.c4 g6 3.Nc3 d5 4.cxd5 Nxd5 5.e4 Nxc3 6.bxc3 Bg7 7.Nf3 c5 8.Rb1 O-O
9.Be2 Qa5 10.O-O Qxa2 11.Bg5 cxd4 12.cxd4 Re8 13.Bb5 Bd7 14.Bxd7 Nxd7 15.Rxb7 Nf6
16.Bxf6 exf6 17.Re1 a5 18.Re2 Qe6 19.Qa4 Rec8 20.d5 Rc1+ 21.Re1 Rxe1+ 22.Nxe1 Qe8
23.Qxe8+ Rxe8 24.d6 Rd8 25.d7 Kf8 26.Ra7  1/2-1/2

[Event "Novi Sad ol (Men)"]
[Site "Novi Sad"]
[Date "1990.??.??"]
[Round "7"]
[White "Marin, Mihail"]
[Black "Godena, Michele"]
[Result "1-0"]
[WhiteElo "2485"]
[BlackElo "2405"]

1.d4 Nf6 2.c4 g6 3.Nc3 d5 4.cxd5 Nxd5 5.e4 Nxc3 6.bxc3 Bg7 7.Bc4 c5 8.Ne2 Nc6
9.Be3 O-O 10.Rc1 cxd4 11.cxd4 Qa5+ 12.Kf1 Bd7 13.h4 Rfd8 14.h5 Be8 15.hxg6 hxg6
16.e5 e6 17.Qc2 b5 18.Bb3 Qb4 19.Bd2 Qe7 20.Qc3 f5 21.Qh3 Nxd4 22.Qh7+ Kf7
23.Bh6  1-0

[Event "Novi Sad ol (Men)"]
[Site "Novi Sad"]
[Date "1990.??.??"]
[Round "8"]
[White "Gelfand, Boris"]
[Black "Smejkal, Jan"]
[Result "1/2-1/2"]
[WhiteElo "2680"]
[BlackElo "2545"]

1.d4 Nf6 2.c4 g6 3.Nc3 d5 4.cxd5 Nxd5 5.e4 Nxc3 6.bxc3 Bg7 7.Nf3 c5 8.Rb1 O-O
9.Be2 Nc6 10.d5 Ne5 11.Nxe5 Bxe5 12.Qd2 b6 13.f4 Bg7 14.O-O e6 15.dxe6 fxe6
16.Qe3 Bb7 17.Bc4 Qd7 18.f5 gxf5 19.exf5 Bd5 20.Qd3 Qc6 21.Bg5 Be4 22.Qh3 Rxf5
23.Rxf5 Bxb1 24.Bxe6+ Kh8 25.Rf1 Bg6 26.c4 Qd6 27.Bd5  1/2-1/2

[Event "Novi Sad ol (Men)"]
[Site "Novi Sad"]
[Date "1990.??.??"]
[Round "10"]
[White "Seirawan, Yasser"]
[Black "Olafsson, Helgi"]
[Result "1/2-1/2"]
[WhiteElo "2635"]
[BlackElo "2595"]

1.d4 Nf6 2.c4 g6 3.Nc3 d5 4.cxd5 Nxd5 5.e4 Nxc3 6.bxc3 Bg7 7.Be3 c5 8.Qd2 O-O
9.Nf3 Qa5 10.Rc1 e6 11.d5 exd5 12.exd5 Re8 13.Be2 Bf5 14.O-O Nd7 15.Qb2 Nb6
16.Qb3 c4 17.Bxc4 Rxe3 18.fxe3 Qc5 19.Bb5 a6 20.Be2 Nxd5 21.Qxb7 Re8 22.Bxa6 Bc8  1/2-1/2

[Event "Novi Sad ol (Men)"]
[Site "Novi Sad"]
[Date "1990.??.??"]
[Round "11"]
[White "Hort, Vlastimil"]
[Black "Ftacnik, Lubomir"]
[Result "0-1"]
[WhiteElo "2545"]
[BlackElo "2550"]

1.d4 Nf6 2.c4 g6 3.Nc3 d5 4.cxd5 Nxd5 5.e4 Nxc3 6.bxc3 Bg7 7.Be3 c5 8.Qd2 Qa5
9.Nf3 Nc6 10.Rb1 a6 11.Rc1 cxd4 12.cxd4 Qxd2+ 13.Kxd2 f5 14.exf5 Bxf5 15.Rc5 Bg4
16.d5 Rd8 17.Bc4 Bxf3 18.gxf3 Ne5 19.Be2 Rf8 20.f4 Nd7 21.Ra5 Nf6 22.Bf3 e6
23.Bd4 exd5 24.Kd3 Rf7 25.Bxf6 Rxf6 26.Rxd5 Rxd5+ 27.Bxd5 b5 28.Rc1 Rxf4
29.Rc8+ Kd7 30.Rg8 Rd4+ 31.Ke3 Rxd5 32.Rxg7+ Ke6 33.Rxh7 Rc5 34.Kd2 b4 35.Rb7 a5
36.Ra7 Kf5 37.Ra6 g5 38.h3 Ke4 39.Ra8 Kf3 40.Rf8+ Ke4 41.Ra8 Rf5 42.Re8+ Kf3
43.Ke1 Kg2 44.Re2 Kxh3 45.a3 Rf3 46.axb4 axb4 47.Re5 g4 48.Re4 Rb3 49.Kd2 Rb2+
50.Ke3 b3 51.Rf4 Rc2 52.Kd3 Rc7 53.Rb4 Rf7 54.Ke3 Rf3+ 55.Ke2 Rc3 56.Kd1 Kh2
57.Ke2 Rc2+ 58.Ke3 b2 59.Rb8 Kg2 60.Rb4 Kf1  0-1

[Event "Novi Sad ol (Men)"]
[Site "Novi Sad"]
[Date "1990.??.??"]
[Round "12"]
[White "Seirawan, Yasser"]
[Black "Sokolov, Ivan"]
[Result "1-0"]
[WhiteElo "2635"]
[BlackElo "2550"]

1.d4 Nf6 2.c4 g6 3.Nc3 d5 4.cxd5 Nxd5 5.e4 Nxc3 6.bxc3 Bg7 7.Be3 c5 8.Qd2 cxd4
9.cxd4 Nc6 10.Rd1 O-O 11.Nf3 Bg4 12.Be2 Rc8 13.O-O Qd7 14.h3 Bh5 15.g4 Bxg4
16.hxg4 Qxg4+ 17.Kh2 Qxe4 18.Ng5 Qf5 19.f4 e6 20.Bd3 Qf6 21.Be4 Rfd8 22.Nf3 Qe7
23.Bxc6 Rxc6 24.Rc1 Rdc8 25.Rxc6 Rxc6 26.Rc1 Qc7 27.Rxc6 Qxc6 28.Kg3 b6 29.Ne5 Qe4
30.Qc3 h6 31.Kf2 g5 32.Qc6 Qf5 33.Qe8+ Kh7 34.Qxf7 Qxf7 35.Nxf7 gxf4 36.Bxf4 Bxd4+
37.Kf3 Kg6 38.Nxh6 e5 39.Bd2 Kf6 40.Ke4 Ke6 41.Nf5 a6 42.Be1 Kf6 43.Nd6 Ke6
44.Nc4 b5 45.Na5 Kd6 46.Bb4+ Kc7 47.Kd5 Kb6 48.Nc6 Kc7 49.Bd6+ Kb6 50.Be7 Bc3
51.Bd8+ Kb7 52.Ne7 a5 53.Nf5 Ka6 54.Kc6 b4 55.Bb6 e4 56.Nd6 Bg7 57.Nxe4 Bf8
58.Bc5 Bg7 59.Nd6 a4 60.Nb5 b3 61.Nc7+ Ka5 62.a3  1-0

[Event "Novi Sad ol (Men)"]
[Site "Novi Sad"]
[Date "1990.??.??"]
[Round "13"]
[White "Soppe, Guillermo"]
[Black "Schmidt, Wlodzimierz"]
[Result "1/2-1/2"]
[WhiteElo "2390"]
[BlackElo "2455"]

1.d4 Nf6 2.c4 g6 3.Nc3 d5 4.cxd5 Nxd5 5.e4 Nxc3 6.bxc3 Bg7 7.Bb5+ c6 8.Ba4 O-O
9.Ne2 e5 10.O-O Nd7 11.Be3 Re8 12.f3 Nb6 13.Bb3 Be6 14.Bxe6 Rxe6 15.Qb3 Qc7
16.Rab1 Rb8 17.Rfd1 Nc8 18.Rd2 b6 19.Rbd1 Rd6 20.dxe5 Bxe5 21.f4 Bg7 22.Ng3 Rxd2
23.Rxd2 Nd6 24.e5 Nb7 25.Qa4  1/2-1/2

[Event "Oakham"]
[Site "Oakham"]
[Date "1990.??.??"]
[Round "?"]
[White "Tozer, Richard"]
[Black "Ledger, Andrew"]
[Result "1/2-1/2"]
[WhiteElo "2290"]
[BlackElo "2335"]

1.d4 Nf6 2.c4 g6 3.Nc3 d5 4.cxd5 Nxd5 5.e4 Nxc3 6.bxc3 Bg7 7.Bc4 c5 8.Ne2 Nd7
9.O-O Qc7 10.Bf4 e5 11.dxe5 Bxe5 12.Bxe5 Nxe5 13.Bd5 Ng4 14.Ng3 h5 15.Re1 Nxh2
16.e5 Ng4 17.e6 Bxe6 18.Bxe6 fxe6 19.Rxe6+ Kf7 20.Qd5 Nf6 21.Qc4 b5 22.Rc6+ bxc4
23.Rxc7+ Ke6 24.Re1+ Kd6 25.Rce7 Rae8 26.R1e6+ Kd5 27.Re5+ Kc6 28.R5e6+ Kd5
29.Rxe8 Nxe8 30.Rxg6 Nc7 31.Rg5+ Kc6 32.Ne4 Nd5 33.Kh2 h4 34.Rf5 a5 35.a4 Rh6
36.Kh3 Re6 37.f3 Rg6 38.Rf8 Kc7 39.Rf7+ Kc6 40.Rf8 Rg7 41.Rc8+ Kb6 42.Rxc5 Nxc3
43.Rxc4 Nd5 44.Rc2 Nf4+ 45.Kh2 Rg6 46.Nc5 Rg7 47.Nb3 Rg8 48.Nd4 Rg5 49.Nb5 Rc5
50.Rb2 Rc4 51.Na3+ Rb4 52.Rxb4+ axb4 53.Nc4+ Kc5 54.Nd2 Kd4 55.g3 hxg3+ 56.Kxg3 Ne6
57.f4 Nc5 58.a5 Kc3 59.Nf1 b3 60.Ne3 Kb4  1/2-1/2

[Event "Oakham"]
[Site "Oakham"]
[Date "1990.??.??"]
[Round "?"]
[White "Maric, Alisa"]
[Black "Hill, Shane Malcolm"]
[Result "1/2-1/2"]
[WhiteElo "2365"]
[BlackElo "2245"]

1.d4 Nf6 2.c4 g6 3.Nc3 d5 4.cxd5 Nxd5 5.e4 Nxc3 6.bxc3 Bg7 7.Bc4 O-O 8.Ne2 c5
9.O-O Nc6 10.Be3 Na5 11.Bd3 cxd4 12.cxd4 b6 13.Rc1 Bb7 14.d5 Qd7 15.Qd2 e6
16.dxe6 Qxe6 17.Nf4 Qe5  1/2-1/2

[Event "Ostend op"]
[Site "Ostend"]
[Date "1990.??.??"]
[Round "?"]
[White "Vanheste, Jeroen"]
[Black "Tukmakov, Vladimir B"]
[Result "0-1"]
[WhiteElo "2380"]
[BlackElo "2570"]

1.d4 Nf6 2.c4 g6 3.Nc3 d5 4.cxd5 Nxd5 5.e4 Nxc3 6.bxc3 Bg7 7.Nf3 c5 8.Be3 Qa5
9.Nd2 Nd7 10.Nb3 Qc7 11.Bb5 O-O 12.O-O Nf6 13.f3 a6 14.Be2 c4 15.Nd2 b5 16.f4 Bb7
17.Bf3 Nd7 18.f5 e5 19.fxe6 fxe6 20.e5 Bxf3 21.Nxf3 Qc6 22.Qc2 Nb6 23.Ng5 Nd5
24.Qe4 Bh6 25.Rf6 Qd7 26.Raf1 Nxf6 27.exf6 Bxg5 28.f7+ Rxf7 29.Qxa8+ Qd8
30.Qxd8+ Bxd8 31.Rxf7 Kxf7 32.Kf2 Bc7 33.Kf3 Ke7 34.h3 Kd6 35.Ke4 Kc6 36.g4 Bg3
37.Bd2 Kd6 38.Kf3 Bh4 39.Ke4 Bf6 40.Bf4+ Kc6 41.g5 Be7 42.Bc1 Bd6 43.a3 Bg3
44.Bd2 a5 45.Be3 Be1 46.Ke5 Kd7  0-1

[Event "Ostend op"]
[Site "Ostend"]
[Date "1990.??.??"]
[Round "?"]
[White "Wells, Peter K"]
[Black "Krasenkow, Michal"]
[Result "1/2-1/2"]
[WhiteElo "2410"]
[BlackElo "2545"]

1.d4 Nf6 2.c4 g6 3.Nc3 d5 4.cxd5 Nxd5 5.e4 Nxc3 6.bxc3 Bg7 7.Nf3 c5 8.Rb1 O-O
9.Be2 Qa5 10.O-O Qxa2 11.Bg5 cxd4 12.cxd4 Re8 13.Bb5 Bd7 14.Bxd7 Nxd7 15.Rxb7 Nf6
16.Qd3 Qe6 17.Bxf6 exf6 18.d5 Qxe4 19.Qxe4 Rxe4 20.d6 a5 21.Rc1 Rd8 22.g3 a4
23.d7 Re7 24.Rcc7 a3 25.Ra7 a2 26.Rxa2 Rexd7 27.Rxd7 Rxd7 28.Ra8+ Bf8 29.g4 Kg7
30.Re8 Ra7 31.Kg2 Ra5 32.h3 h6 33.Rd8 f5 34.Rd7 fxg4 35.hxg4 Kf6 36.Nd2 Ra4
37.Kf3 Ke6 38.Rb7 Bc5 39.Ne4 Bd4 40.Rb3 Ra2 41.Rd3 Ke5 42.Nd2 Ba7 43.Nc4+ Kf6
44.Nd2 Ke6 45.Kg3 Ra4 46.Kf3 Ke5 47.Kg3 Ke6 48.Kf3 g5 49.Ne4 Ke5 50.Rb3 Kd4
51.Ng3 Kd5 52.Ne2 Ra6 53.Kg2 Ra4 54.Kf3 Ra6 55.Kg2 Ke4 56.Rf3 f6 57.Rf5 Kd3
58.Ng3 Bd4 59.Rf3+ Kc4 60.Nf5 Ra2 61.Nxh6 Kd5 62.Nf5 Be5 63.Ne3+ Ke6  1/2-1/2

[Event "Paris-ch"]
[Site "Paris"]
[Date "1990.??.??"]
[Round "?"]
[White "Murrey, Jacob"]
[Black "Sokolowski, Stanislaw"]
[Result "1-0"]
[WhiteElo "2530"]
[BlackElo "2230"]

1.d4 Nf6 2.c4 g6 3.Nc3 d5 4.cxd5 Nxd5 5.e4 Nxc3 6.bxc3 Bg7 7.Bc4 O-O 8.Ne2 Nc6
9.O-O e5 10.Ba3 Re8 11.d5 Na5 12.Bd3 c6 13.c4 b5 14.cxb5 cxd5 15.Qa4 a6 16.b6 Nc4
17.Bxc4 Bd7 18.Qa5 dxc4 19.Rfd1 Qc8 20.Nc3 Bc6 21.Nd5 Bxd5 22.Qxd5 Rb8 23.Bc5 Bf8
24.Be3 c3 25.a4 c2 26.Rdc1 Qc3 27.Ra2 Qb4 28.Raxc2 Qxa4 29.Rc7 Re6 30.b7 Qb4
31.Ba7 Rbe8 32.Rc8 Bd6 33.Bc5 Bxc5 34.Qxe6 Bxf2+ 35.Kh1 fxe6  1-0

[Event "World op"]
[Site "Philadelphia"]
[Date "1990.??.??"]
[Round "6"]
[White "Silman, Jeremy D"]
[Black "Paglietti, Nicola"]
[Result "1-0"]
[WhiteElo "2390"]
[BlackElo "2350"]

1.d4 Nf6 2.c4 g6 3.Nc3 d5 4.cxd5 Nxd5 5.e4 Nxc3 6.bxc3 Bg7 7.Bb5+ Bd7 8.Rb1 O-O
9.Ne2 a6 10.Bd3 c5 11.d5 b5 12.O-O f5 13.c4 fxe4 14.Bxe4 Bf5 15.Bxf5 Rxf5
16.Nf4 bxc4 17.Qe2 Qd6 18.Qxc4 Nd7 19.Rd1 Bd4 20.g3 Nf6 21.Be3 Nxd5 22.Bxd4 cxd4
23.Rxd4 Rd8 24.Rxd5 Rxd5 25.Nxd5 Qxd5 26.Qxa6 Ra8 27.Qe2 e6 28.Rb2 Rc8 29.Rc2 Rb8
30.Rc1 Ra8 31.Qb2 Rf8 32.h4 Qf5 33.a4 Qf6 34.Qxf6 Rxf6 35.Rc6 Kf7 36.Rc7+ Kg8
37.a5 Rf8 38.a6  1-0

[Event "World op"]
[Site "Philadelphia"]
[Date "1990.??.??"]
[Round "7"]
[White "Browne, Walter S"]
[Black "Tseshkovsky, Vitaly"]
[Result "1/2-1/2"]
[WhiteElo "2560"]
[BlackElo "2490"]

1.d4 Nf6 2.c4 g6 3.Nc3 d5 4.cxd5 Nxd5 5.e4 Nxc3 6.bxc3 Bg7 7.Bc4 c5 8.Ne2 O-O
9.O-O Nc6 10.Be3 Bg4 11.f3 Bd7 12.Rc1 Rc8 13.Qd2 Qa5 14.Qb2 cxd4 15.cxd4 Qb4
16.Qxb4 Nxb4 17.a3  1/2-1/2

[Event "URS-chT"]
[Site "Podolsk"]
[Date "1990.??.??"]
[Round "?"]
[White "Mochalov, Evgeny V"]
[Black "Beshukov, Sergei"]
[Result "0-1"]
[WhiteElo "2340"]
[BlackElo "2320"]

1.d4 Nf6 2.c4 g6 3.Nc3 d5 4.cxd5 Nxd5 5.e4 Nxc3 6.bxc3 Bg7 7.Bc4 c5 8.Ne2 O-O
9.O-O Nc6 10.Be3 Qc7 11.Rc1 Rd8 12.Qd2 Qa5 13.Qb2 b6 14.Qb3 e6 15.Rfd1 Ba6
16.a4 Rac8 17.Bxa6 Qxa6 18.Qb5 Qxb5 19.axb5 cxd4 20.Bg5 f6 21.cxd4 Nxd4 22.Nxd4 Rxc1
23.Bxc1 e5 24.Bb2 f5 25.exf5 gxf5 26.Ra1 exd4 27.Rxa7 Bf8 28.Kf1 d3 29.Ra1 Bb4
30.f4 Rd5 31.Be5 Ba5 32.Rb1 Kf7 33.Kf2 Ke6 34.Ke3 d2 35.Ke2 Rc5 36.Rd1 Kd5
37.Kd3 Rc1 38.Ke2 Ke4 39.Bb2 Rc5 40.Be5 Rxb5 41.Ra1 Rc5 42.Kd1 Rc4 43.Rb1 Bb4
44.Ra1 Ke3 45.h3 h5 46.g4 hxg4 47.hxg4 fxg4 48.f5 Ke4 49.Bg7 Kxf5 50.Bh6 g3
51.Ke2 Re4+ 52.Kf3 Re1  0-1

[Event "URS-chT"]
[Site "Podolsk"]
[Date "1990.??.??"]
[Round "?"]
[White "Ivanov, Sergey"]
[Black "Beshukov, Sergei"]
[Result "1-0"]
[WhiteElo "2460"]
[BlackElo "2320"]

1.d4 Nf6 2.c4 g6 3.Nc3 d5 4.cxd5 Nxd5 5.e4 Nxc3 6.bxc3 Bg7 7.Nf3 c5 8.Rb1 O-O
9.Be2 cxd4 10.cxd4 Qa5+ 11.Bd2 Qxa2 12.O-O b6 13.Qc1 Bb7 14.Bc4 Qa4 15.Bb5 Qa2
16.Bc4 Qa4 17.Bb5 Qa2 18.Re1 Rc8 19.Qd1 Qc2 20.Qe2 Qc7 21.Rec1 Qd8 22.Rxc8 Qxc8
23.Rc1 Qd8 24.Bf4 a6 25.Ba4 e6 26.Rc7 Bc8 27.Qc4 Bd7 28.Bxd7 Nxd7 29.Qc6 Nf8
30.Ng5 Qxd4 31.g3 Rd8 32.Rxf7 h6 33.Rxf8+ Rxf8 34.Nxe6 Qd1+ 35.Kg2 Rf6 36.e5 Rf7
37.Qe8+ Bf8 38.Nxf8 Rxf8 39.Qxg6+ Kh8 40.Qxh6+ Kg8 41.Qg6+ Kh8 42.e6 Qd5+
43.f3 Rxf4 44.gxf4 Qd2+ 45.Kg3 Qe1+ 46.Kg4 Qg1+ 47.Kf5 Qc5+ 48.Kf6 Qc3+ 49.Kf7  1-0

[Event "RLPF-chB"]
[Site "Polch"]
[Date "1990.??.??"]
[Round "?"]
[White "Pandorf, Horst"]
[Black "Puth, Dieter"]
[Result "0-1"]
[WhiteElo "1690"]
[BlackElo "2020"]

1.d4 Nf6 2.c4 g6 3.Nc3 d5 4.cxd5 Nxd5 5.e4 Nxc3 6.bxc3 Bg7 7.Nf3 O-O 8.Be2 c5
9.O-O cxd4 10.cxd4 b6 11.Be3 Bb7 12.d5 Nd7 13.Rc1 Nf6 14.Bd3 Re8 15.Qb3 h6
16.Nd2 e6 17.dxe6 Rxe6 18.f3 Nd5 19.Bc4 Nxe3 20.Bxe6 Qxd2 21.Bxf7+ Kh7 22.Bxg6+ Kxg6
23.Qe6+ Kh7 24.Qh3 Nxf1 25.Qf5+ Kh8 26.Rxf1 Rc8 27.h4 Rc2 28.Qg6 Rxa2 29.h5 Qg5
30.Qe8+ Kh7 31.g4 Bd4+ 32.Rf2 Bxf2+ 33.Kf1 Qc1+  0-1

[Event "RLPF-chB"]
[Site "Polch"]
[Date "1990.??.??"]
[Round "?"]
[White "Pandorf, Horst"]
[Black "Schmitt, KP."]
[Result "0-1"]
[WhiteElo "1690"]
[BlackElo "1850"]

1.d4 Nf6 2.c4 g6 3.Nc3 d5 4.cxd5 Nxd5 5.e4 Nxc3 6.bxc3 Bg7 7.Nf3 c5 8.h3 O-O
9.Be2 Nc6 10.Be3 b6 11.O-O cxd4 12.cxd4 h6 13.Qd2 Kh7 14.Rac1 Bb7 15.d5 Na5
16.Qb4 Rc8 17.Rxc8 Bxc8 18.Rc1 Bd7 19.Nd4 Re8 20.Bb5 Be5 21.f4 Bd6 22.Qc3 e5
23.dxe6 Bxb5 24.Nxb5 Rxe6 25.e5 Bb8 26.Nd4 Re8 27.Bf2 Qd5 28.Qc2 Rd8 29.Rd1 Nc6
30.Rd2 Nb4 31.Qb2 Qc4 32.a3 Nd3 33.Qb3 Rxd4 34.Qxc4 Rxc4 35.Rxd3 Rxf4 36.Bg3 Re4
37.Rd7 Kg7 38.e6 Bxg3 39.Rxf7+ Kg8 40.Rf3 Re1+ 41.Rf1 Rxf1+ 42.Kxf1 Kf8 43.Ke2 b5
44.Kf3 Bd6 45.Ke4 Bxa3 46.Kd5 b4 47.Kc4 a5 48.Kb3 Ke7 49.g4 Kxe6  0-1

[Event "RLPF-chB"]
[Site "Polch"]
[Date "1990.??.??"]
[Round "?"]
[White "Puth, Dieter"]
[Black "Schmitt, KP."]
[Result "1/2-1/2"]
[WhiteElo "2020"]
[BlackElo "1850"]

1.d4 Nf6 2.c4 g6 3.Nc3 d5 4.cxd5 Nxd5 5.e4 Nxc3 6.bxc3 Bg7 7.Bc4 c5 8.Ne2 Nc6
9.Be3 O-O 10.O-O cxd4 11.cxd4 Bg4 12.f3 Na5 13.Bxf7+ Rxf7 14.fxg4 Rxf1+ 15.Kxf1 Qd7
16.h3 Qe6 17.e5 Nc4 18.Bf2 Bh6 19.Kg1 Rf8 20.Qb3 Qf7 21.Qg3 Nd2 22.Nc3 Bf4
23.Qd3 Bh2+  1/2-1/2

[Event "RLPF-chB"]
[Site "Polch"]
[Date "1990.??.??"]
[Round "?"]
[White "Pandorf, Horst"]
[Black "Masendorf, Daniel"]
[Result "1/2-1/2"]
[WhiteElo "1690"]
[BlackElo "1620"]

1.d4 Nf6 2.c4 g6 3.Nc3 d5 4.cxd5 Nxd5 5.e4 Nxc3 6.bxc3 Bg7 7.h3 O-O 8.Nf3 c5
9.Be3 Qa5 10.Bd2 Qc7 11.Be2 Rd8 12.Be3 Nc6 13.O-O b6 14.Qc2 Bb7 15.Rac1 Na5
16.d5 c4 17.Nd4 a6 18.a4 Bxd4 19.cxd4 b5 20.axb5 axb5 21.Rb1 Qd7 22.Bh6 e6
23.dxe6 fxe6 24.Bg4 Qc6 25.Qc3 Qxe4 26.f3 Qxd4+ 27.Qxd4 Rxd4 28.Bxe6+ Kh8
29.Rxb5 Bc6 30.Rc5 Bd7 31.Bxd7 Rxd7 32.Ra1 Rda7 33.Bd2 Nb3 34.Rxa7 Rxa7 35.Bc3+ Kg8
36.Rxc4 Rb7 37.Be5 Nd2 38.Rc8+ Kf7 39.Rc7+ Rxc7 40.Bxc7 Ke6 41.Kf2 Kf5 42.g4+ Ke6
43.h4 Nc4 44.Ke2 Kd5 45.Kd3 Nb2+ 46.Ke3 Na4 47.Kf4 Ke6 48.Kg5 Kf7 49.h5 Nc5
50.hxg6+ hxg6  1/2-1/2